| 000 | 01477cam a2200409 i 4500 | ||
|---|---|---|---|
| 999 |
_c3256 _d3256 |
||
| 001 | 18458424 | ||
| 003 | GBCCL | ||
| 005 | 20241126110451.0 | ||
| 008 | 140521s2014 ii ab b 000 0 eng d | ||
| 010 | _a 2014360781 | ||
| 020 | _a9788184653977 (paperback) | ||
| 020 | _a8184653972 (paperback) | ||
| 025 | _aI-E-2014-360781; 13-90 | ||
| 035 | _a(OCoLC)ocn881271685 | ||
| 035 | _a(OCoLC)881271685 | ||
| 037 | _bLibrary of Congress -- New Delhi Overseas Office | ||
| 040 |
_aDKAGE _beng _erda _cDKAGE _dOCLCF _dDLC |
||
| 042 |
_alccopycat _alcode |
||
| 043 | _aa-ii--- | ||
| 050 | 0 | 0 |
_aBV652.24 _b.P73 2014 |
| 082 | 0 | 4 |
_a254.10954137 _223 _bKUM |
| 100 | 0 |
_aPrasad Kumar, _eauthor. _96698 |
|
| 245 | 1 | 0 |
_aChurch planting strategies in the book of acts : _ba ray of salvation from Jerusalem to Chhattisgarh / _cPrasad Kumar. |
| 264 | 1 |
_aDelhi : _bISPCK, _c2014. |
|
| 300 |
_axvi, 156 pages : _billustrations, map ; _c22 cm |
||
| 336 |
_atext _btxt _2rdacontent |
||
| 337 |
_aunmediated _bn _2rdamedia |
||
| 338 |
_avolume _bnc _2rdacarrier |
||
| 504 | _aIncludes bibliographical references (pages 147-156). | ||
| 630 | 0 | 0 |
_aBible. _pActs _xCriticism, interpretation, etc. _92267 |
| 650 | 0 |
_aChurch development, New _zIndia _zChhattīsgarh. _96699 |
|
| 650 | 0 |
_aSalvation _xChristianity. _9887 |
|
| 710 | 2 |
_aI.S.P.C.K. (Organization) _9393 |
|
| 906 |
_a7 _bcbc _ccopycat _d3 _encip _f20 _gy-gencatlg |
||
| 942 |
_2ddc _cBK _021 |
||